Aux iles de lumière: Tahiti, Tuamotou, Marquises.
Kaydedildi:
| Yazar: | |
|---|---|
| Materyal Türü: | Kitap |
| Dil: | Fransızca |
| Baskı/Yayın Bilgisi: |
París, Chile
Ernest Flammarion
1939
|
| Konular: | |
| Etiketler: |
Etiketle
Etiket eklenmemiş, İlk siz ekleyin!
|
MARC
| LEADER | 00000nam a2200000 a 4500 | ||
|---|---|---|---|
| 001 | UCJ4386 | ||
| 003 | CL-VaPUC | ||
| 005 | 20250227100119.0 | ||
| 008 | 070124e19391222FR |||||||||||||||||fre|d | ||
| 999 | |c 320502 |d 320500 | ||
| 040 | |c Pontificia Universidad Católica de Valparaíso | ||
| 082 | 0 | 4 | |a 910.4 HAM 1939 |2 21 |
| 100 | 0 | |a Hamon, Renée |9 507969 | |
| 245 | 1 | 4 | |a Aux iles de lumière: Tahiti, Tuamotou, Marquises. |
| 260 | 0 | 3 | |a París, Chile |b Ernest Flammarion |c 1939 |
| 300 | |a 246 páginas. | ||
| 583 | |a last modification |c 20121001 12:35:55 |k Rodrigo Vera | ||
| 650 | 0 | |a Viajes |9 257115 | |
| 650 | 7 | |a COLONIZACION FRANCESA |2 CL-VaPUC |9 505837 | |
| 650 | 0 | |a Antropología cultural |9 269905 | |
| 650 | 0 | |a Aborígenes |9 329972 | |
| 651 | 7 | |a POLINESIA FRANCESA |2 CL-VaPUC |9 505893 | |
| 651 | 7 | |a TAHITI |2 CL-VaPUC |9 266824 | |
| 651 | 7 | |a ISLAS MARQUESAS |2 CL-VaPUC |9 507618 | |
| 651 | 7 | |a TUAMOTU |2 CL-VaPUC |9 507970 | |
| 942 | |c BK |2 ddc | ||
| 945 | |d 20070124 00:00:00 |a rinostro | ||
| 952 | |0 0 |1 0 |2 ddc |4 0 |6 910_400000000000000_HAM_1939 |7 0 |8 X |9 399037 |a FDOBUD |b FDOBUD |d 2019-11-22 |i 1017667 |o 910.4 HAM 1939 |p 1017667 |r 2019-11-22 |t 1 |w 2019-11-22 |y BK_X |k BUD | ||